00386pab a2200121 454500008004000000100002600040245012700066260000900193300001300202362001100215650002000226773001800246180718b2010 xxu||||| |||| 00| 0 eng d aBolton, Kerry Raymond aWater wars: rivalry over water resources: a potential cause of regional conflict in asia and the geopolitical implications c2010 ap.52-83. aSpring aWater resources aWorld Affairs